000 00290nam a22001337a 4500
008 170923b xxu||||| |||| 00| 0 eng d
020 _a9780791445969
041 _aeng
080 _a37
100 _a46
101 _aEDU
245 _aTEACHING TRANSCEND
_cSATTLER, CH.L
942 _2udc
_cBK
999 _c29366
_d29366